| 000 | 00373nam a2200133Ia 4500 | ||
|---|---|---|---|
| 008 | 150201s2008 xx 000 0 und d | ||
| 082 |
_a6.7 _bPRE |
||
| 100 | _aPratt, Terrence W. | ||
| 245 | _aweb engineering a practitioner's approach | ||
| 260 |
_bTata McGraw Hill Education Private Limited _aNew Delhi _c2008 |
||
| 300 | _a458p. | ||
| 700 | _aLowe,David | ||
| 942 |
_2ddc _cBK |
||
| 999 |
_c5436 _d5436 |
||